| 000 | 01255nam a2200313Ia 4500 | ||
|---|---|---|---|
| 001 | ebr10194038 | ||
| 003 | CaPaEBR | ||
| 006 | m u | ||
| 007 | cr cn||||||||| | ||
| 008 | 060127s2007 enka s 000 0 eng d | ||
| 020 | _z9781845111380 (hbk.) | ||
| 020 | _z1845111389 (hbk.) | ||
| 040 |
_aCaPaEBR _cCaPaEBR |
||
| 035 | _a(OCoLC)560412512 | ||
| 050 | 1 | 4 |
_aDS154.5 _b.E45 2007eb |
| 082 | 0 | 4 |
_a956.9504 _222 |
| 100 | 1 | _aEilon, Joab B. | |
| 245 | 1 | 4 |
_aThe making of Jordan _h[electronic resource] : _btribes, colonialism and the modern state / _cYoav Aon. |
| 260 |
_aLondon : _bI. B. Tauris, _c2007. |
||
| 300 |
_axiv, 214 p. : _bill. |
||
| 490 | 1 |
_aLibrary of modern Middle East studies ; _vv. 61 |
|
| 533 |
_aElectronic reproduction. _bPalo Alto, Calif. : _cebrary, _d2009. _nAvailable via World Wide Web. _nAccess may be limited to ebrary affiliated libraries. |
||
| 650 | 0 |
_aNation-building _zJordan _xHistory. |
|
| 651 | 0 |
_aJordan _xPolitics and government _y20th century. |
|
| 655 | 7 |
_aElectronic books. _2local |
|
| 710 | 2 | _aebrary, Inc. | |
| 830 | 0 |
_aLibrary of modern Middle East studies ; _v61. |
|
| 856 | 4 | 0 |
_uhttp://site.ebrary.com/lib/rucke/Doc?id=10194038 _zAn electronic book accessible through the World Wide Web; click to view |
| 999 |
_c114488 _d114488 |
||